100 Biggest Cities of Pakistan on a Map - Statistics

General Stats
  • This quiz has been taken 874 times
  • The average score is 19 of 100
Answers on the Map
Answers color-coded by a green-red scale on the quiz's map according to % correct below.
 
Answer Stats
Population City % Correct
18,868,021 Karāchi
97%
1,108,872 Islāmābād
95%
13,004,135 Lāhore
95%
1,905,975 Peshāwar
76%
1,921,275 Hyderābād
74%
3,691,999 Faisalābād
73%
1,565,546 Quetta
73%
3,357,612 Rāwalpindi
72%
2,215,381 Multān
67%
2,511,118 Gujrānwāla
54%
911,817 Siālkot
50%
574,240 Gujrāt
41%
903,795 Bahāwalpur
38%
563,851 Sukkur
36%
551,716 Lārkāna
34%
494,464 Dera Ghāzi Khān
33%
234,395 Abbottābad
31%
519,261 Rahīmyār Khān
30%
975,886 Sargodha
30%
220,575 Dera Ismāil Khān
28%
368,302 Mardān
27%
538,344 Sāhīwal
26%
510,875 Kasūr
24%
312,426 Jhelum
23%
533,693 Okāra
23%
606,533 Jhang
22%
268,625 Turbat
22%
591,424 Sheikhūpura
20%
400,733 Wāh
20%
219,315 Jacobābād
19%
363,138 Nawābshāh
19%
176,544 Attock
18%
129,500 Miānwāli
18%
241,873 Bahāwalnagar
16%
130,139 Chaman
16%
267,833 Mīrpur Khās
16%
218,356 Chakwāl
15%
137,278 Mānsehra
15%
235,880 Kohāt
14%
136,900 Taxila
14%
318,621 Hāfizābād
13%
195,661 Hub
13%
318,165 Chinīot
12%
281,890 Khānewāl
12%
361,112 Mingora
12%
130,692 Nārowāl
12%
156,496 Swābi
12%
361,664 Būrewāla
11%
247,170 Khānpur
11%
151,274 Layyah
11%
232,361 Mandi Bahāuddīn
11%
235,541 Muzaffargarh
11%
122,953 Nowshera
11%
274,210 Sādiqābād
11%
152,624 Wazīrābād
11%
188,317 Dādu
10%
191,044 Khaīrpur
10%
139,905 Khushāb
10%
254,291 Murīdke
10%
123,102 Toba Tek Singh
10%
210,288 Vehāri
10%
131,658 Bhakkar
9%
218,112 Khuzdār
9%
221,280 Pākpattan
9%
137,553 Rājanpur
9%
204,938 Shikārpur
9%
144,558 Umerkot
9%
228,626 Daska
8%
140,112 Miān Channū
7%
157,693 Panjgur
7%
292,023 Kāmoke
6%
142,161 Kot Addu
6%
121,036 Lāla Mūsa
6%
144,512 Lodhrān
6%
174,291 Tando Ādam
6%
171,185 Tando Allāhyār
6%
157,063 Arifwāla
5%
214,349 Gojra
5%
123,232 Alīpur
4%
192,403 Chishtiān
4%
168,146 Hāsilpur
4%
155,243 Jāmpur
4%
170,872 Jarānwāla
4%
186,371 Samundri
4%
126,742 Shakargarh
4%
122,759 Dīpālpur
3%
149,679 Hārūnābād
3%
155,196 Jatoi
3%
166,617 Kamālia
3%
125,431 Mailsi
3%
142,685 Moro
3%
151,115 Shujābād
3%
196,618 Ahmadpur East
2%
146,743 Jalālpur Jattān
2%
132,549 Kabal
2%
169,613 Bolhari
1%
177,238 Fīrozwāla
1%
156,929 Gujrānwāla Cantonment
1%
122,389 Haveli Lakha
1%
162,030 Kot Abdul Malik
1%
No matching quizzes found
Score Distribution
Percent of People with Each Score
Percentile by Number Answered
Your Score History
You have not taken this quiz